<?xml version="1.0" encoding="UTF-8"?>
<record
    xmlns:xsi="http://www.w3.org/2001/XMLSchema-instance"
    xsi:schemaLocation="http://www.loc.gov/MARC21/slim http://www.loc.gov/standards/marcxml/schema/MARC21slim.xsd"
    xmlns="http://www.loc.gov/MARC21/slim">

  <leader>02011cam a2200265 a 4500</leader>
  <controlfield tag="003">OSt</controlfield>
  <controlfield tag="005">20210315101313.0</controlfield>
  <controlfield tag="008">120202s2010    ck abo  r     000 0 spa d</controlfield>
  <datafield tag="020" ind1=" " ind2=" ">
    <subfield code="a">9584224018</subfield>
  </datafield>
  <datafield tag="020" ind1=" " ind2=" ">
    <subfield code="a">9789584224019</subfield>
  </datafield>
  <datafield tag="040" ind1=" " ind2=" ">
    <subfield code="a">CO-BoPUJ</subfield>
    <subfield code="c">CO-JMCR</subfield>
  </datafield>
  <datafield tag="041" ind1="0" ind2=" ">
    <subfield code="a">spa</subfield>
  </datafield>
  <datafield tag="043" ind1=" " ind2=" ">
    <subfield code="a">s-ck---</subfield>
  </datafield>
  <datafield tag="082" ind1="0" ind2="4">
    <subfield code="a">303.4409861 / </subfield>
    <subfield code="b">C775e</subfield>
    <subfield code="2">23</subfield>
  </datafield>
  <datafield tag="110" ind1="2" ind2=" ">
    <subfield code="a">Colombia</subfield>
    <subfield code="b">Ministerio de Cultura</subfield>
    <subfield code="9">36068</subfield>
  </datafield>
  <datafield tag="245" ind1="1" ind2="0">
    <subfield code="a">Escuelas taller de Colombia : </subfield>
    <subfield code="b">herramientas de paz / </subfield>
    <subfield code="c">Ministerio de Cultura</subfield>
  </datafield>
  <datafield tag="246" ind1="1" ind2="4">
    <subfield code="a">Escuelas taller de Colombia</subfield>
    <subfield code="b">herramientas de paz : programa de patrimonio para el desarrollo de la cooperaci&#xF3;n espa&#xF1;ola</subfield>
  </datafield>
  <datafield tag="260" ind1=" " ind2=" ">
    <subfield code="a">Bogot&#xE1; : </subfield>
    <subfield code="b">Ministerio de Cultura ; </subfield>
    <subfield code="b">Embajada de Espa&#xF1;a en Colombia, </subfield>
    <subfield code="c">2010.</subfield>
  </datafield>
  <datafield tag="300" ind1=" " ind2=" ">
    <subfield code="a">246 p&#xE1;ginas : </subfield>
    <subfield code="b">ilustraciones, fotos y mapas ; </subfield>
    <subfield code="c">31 cm.</subfield>
  </datafield>
  <datafield tag="505" ind1="0" ind2=" ">
    <subfield code="t">Las escuelas taller / </subfield>
    <subfield code="r">Jos&#xE9; Mar&#xED;a P&#xE9;rez -- </subfield>
    <subfield code="t">El patrimonio cultura y el desarrollo / </subfield>
    <subfield code="r">Amparo G&#xF3;mez ,  </subfield>
    <subfield code="r">Pallete Rivas -- </subfield>
    <subfield code="t">Las escuelas talleres en Am&#xE9;rica Latina / </subfield>
    <subfield code="r">Miguel de Mazo Salgado -- </subfield>
    <subfield code="t">Popay&#xE1;n / </subfield>
    <subfield code="r">Tom&#xE1;s Castrill&#xF3;n Valencia -- </subfield>
    <subfield code="t">De un d&#xED;a para otro / </subfield>
    <subfield code="r">Cr&#xF3;nica de la escuela taller Popay&#xE1;n , </subfield>
    <subfield code="r">&#xC1;lvaro Montoya Vega -- </subfield>
    <subfield code="t">Algo sobre Santa Cruz de Mompox / </subfield>
    <subfield code="r">Alberto Corradine Angulo -- </subfield>
    <subfield code="t">Mompox, la ciudad como escuela taller / </subfield>
    <subfield code="r">&#xC1;lvaro Castro Abuabara -- </subfield>
    <subfield code="t">Escuela taller de Colombia: herramientas de paz / </subfield>
    <subfield code="r">Luis Villanueva Cerezo -- </subfield>
    <subfield code="t">La historia de Carlota y otras historias / </subfield>
    <subfield code="r">Juan Luis Isaza Londo&#xF1;o -- </subfield>
    <subfield code="t">Cartagena de Indias: de plaza fuerte a patrimonio de la humanidad / </subfield>
    <subfield code="r">Rodolfo Ulloa Vergara -- </subfield>
    <subfield code="t">Escuela taller en Cartagena de Indias / </subfield>
    <subfield code="r">Germ&#xE1;n Bustamante Patr&#xF3;n -- </subfield>
    <subfield code="t">Centro hist&#xF3;rico de Bogot&#xE1; / </subfield>
    <subfield code="r">Alberto Saldarriaga Roa -- </subfield>
    <subfield code="t">Fundaci&#xF3;n escuela taller de Bogot&#xE1; / </subfield>
    <subfield code="r">Alberto Escobar Wilson-White -- </subfield>
    <subfield code="t">Escuelas taller de Colombia: un balance positivo / </subfield>
    <subfield code="r">Miguel Gonzalez Gull&#xF3;n </subfield>
  </datafield>
  <datafield tag="650" ind1="1" ind2="4">
    <subfield code="a">Formaci&#xF3;n profesional</subfield>
    <subfield code="9">9689</subfield>
  </datafield>
  <datafield tag="650" ind1="2" ind2="4">
    <subfield code="a">Aprendizaje</subfield>
    <subfield code="9">36075</subfield>
  </datafield>
  <datafield tag="942" ind1=" " ind2=" ">
    <subfield code="2">ddc</subfield>
    <subfield code="c">BK</subfield>
  </datafield>
  <datafield tag="999" ind1=" " ind2=" ">
    <subfield code="c">15371</subfield>
    <subfield code="d">15371</subfield>
  </datafield>
  <datafield tag="952" ind1=" " ind2=" ">
    <subfield code="0">0</subfield>
    <subfield code="1">0</subfield>
    <subfield code="2">ddc</subfield>
    <subfield code="4">0</subfield>
    <subfield code="7">0</subfield>
    <subfield code="a">CPL</subfield>
    <subfield code="b">CPL</subfield>
    <subfield code="c">GEN</subfield>
    <subfield code="d">0000-00-00</subfield>
    <subfield code="e">Donaci&#xF3;n</subfield>
    <subfield code="l">0</subfield>
    <subfield code="o">303.4409861 / C775e</subfield>
    <subfield code="p">201810829</subfield>
    <subfield code="r">2024-05-16 00:00:00</subfield>
    <subfield code="t">Ej.1</subfield>
    <subfield code="w">0000-00-00</subfield>
    <subfield code="y">BK</subfield>
  </datafield>
</record>
